000 01181nam a2200217Ia 4500
003 Ost
005 20260507075656.0
008 260507s9999||||xx |||||||||||||| ||und||
040 _cfsecg
041 _aara
082 _a519.5
100 _aعبد العزيز، عمر عبد الجواد
_eمؤلف
245 0 _aمقدمة في الطرق الإحصائية مع تطبيقات تجارية /
_c عمر عبد الجواد عبد العزيز
260 _aعمان:
_bدار زهران,
_c2002
300 _a316 صفحة؛
_bإيضاحات ؛
_c24 سم
520 _aالاحصاء و البحث العلمي وانواع العينات و الفرض الهندسي للبينات و الفرض الجدولي للبيانات و مقاييس النزعة المركزية و مقاييس التشتت و الاحتمالات و التوزيعات الاحتمالية و اختبارات الفرلوض و الانحدار البسيط و الارتباط و أخيرا الارقام القياسية.
653 _aالإحصاء
653 _aالطرق الإحصائية
700 _aبلعربي، عبد الحفيظ
_eمؤلف ثانوي
942 _cكتاب
999 _c45697
_d45697